00294nam a2200085 4500008004100000040005500041100001500096245003400111260006300145240730b |||||||| |||| 00| 0 eng d aNational Science LibrarycNational Science Library aUrsu, Ioan aRezonanta electronica de spin aRomania: bEditura Academiei Republicii Socialiste, c1965